Les origines de la dialectique Matérialiste (Héraclite)
שמור ב:
| מחבר ראשי: | |
|---|---|
| פורמט: | ספר |
| שפה: | Undetermined |
| יצא לאור: |
Moscú, Rusia
Editorial Progreso
1973
|
| נושאים: | |
| תגים: |
הוספת תג
אין תגיות, היה/י הראשונ/ה לתייג את הרשומה!
|
MARC
| LEADER | 00000nam a2200000Ia 4500 | ||
|---|---|---|---|
| 008 | 170316s9999 xx 000 0 und d | ||
| 090 | |a 100 K-7o | ||
| 100 | |a Kessidi, Théohar | ||
| 245 | |a Les origines de la dialectique Matérialiste (Héraclite) | ||
| 260 | |a Moscú, Rusia | ||
| 260 | |b Editorial Progreso | ||
| 260 | |c 1973 | ||
| 300 | |a 266 páginas | ||
| 650 | |a FILOSOFÍA CLÁSICA | ||
| 999 | |c 16704 |d 16704 | ||
| 040 | |a cru BVZT | ||
| 942 | |c 15 D |h 100 K-7o |2 z | ||
